书目信息 |
| 题名: |
高校体育教学与训练研究
|
|
| 作者: | 马超 著 | |
| 分册: | ||
| 出版信息: | 长春 吉林出版集团股份有限公司 2022.06 |
|
| 页数: | 294页 | |
| 开本: | 24cm | |
| 丛书名: | ||
| 单 册: | ||
| 中图分类: | G807.401 , G808.1 | |
| 科图分类: | ||
| 主题词: | 体育教学--教学研究--高等学校 , 体育运动--运动训练--教学研究--高等学校 | |
| 电子资源: | ||
| ISBN: | 978-7-5731-0400-7 | |
| 000 | 01217nam0 2200277 450 | |
| 001 | 012001001285 | |
| 005 | 20140201133624.0 | |
| 010 | @a978-7-5731-0400-7@dCNY89.00 | |
| 100 | @a20220905d2022 em y0chiy50 ea | |
| 101 | 0 | @achi |
| 102 | @aCN@b220000 | |
| 105 | @aa az 000yy | |
| 106 | @ar | |
| 200 | 1 | @a高校体育教学与训练研究@Agao xiao ti yu jiao xue yu xun lian yan jiu@f马超著 |
| 210 | @a长春@c吉林出版集团股份有限公司@d2022.06 | |
| 215 | @a294页@c图@d24cm | |
| 314 | @a马超,男,1982年1月出生,河北唐山人,汉族,中共党员,硕士,讲师。 | |
| 320 | @a有书目 (第290-294页) | |
| 330 | @a本书共分八章,基本上涵盖了高校体育教学与训练的相关内容。首先,本书第一章至第四章介绍了高校体育教学与训练概述、高校体育教学内容建设与优化、高校体育教学模式的探索与应用及高校体育教学过程与评价的发展;其次,第五章至第六章阐述了高校体育体能训练与不同运动项目的训练;最后,第七章至第八章阐述了高校体育训练中的运动处方,并对高校体育训练如何促进大学生体质健康进行了探索。 | |
| 606 | 0 | @a体育教学@x教学研究@x高等学校 |
| 606 | 0 | @a体育运动@x运动训练@x教学研究@x高等学校 |
| 690 | @aG807.401@v5 | |
| 690 | @aG808.1@v5 | |
| 701 | 0 | @a马超@Ama chao@f(1982-)@4著 |
| 801 | 0 | @aCN@bAHXH@c20221111 |
| 905 | @b1366038-42@dG807.401@e2025@f5 | |
| 高校体育教学与训练研究/马超著.-长春:吉林出版集团股份有限公司,2022.06 |
| 294页:图;24cm |
| ISBN 978-7-5731-0400-7:CNY89.00 |
| 本书共分八章,基本上涵盖了高校体育教学与训练的相关内容。首先,本书第一章至第四章介绍了高校体育教学与训练概述、高校体育教学内容建设与优化、高校体育教学模式的探索与应用及高校体育教学过程与评价的发展;其次,第五章至第六章阐述了高校体育体能训练与不同运动项目的训练;最后,第七章至第八章阐述了高校体育训练中的运动处方,并对高校体育训练如何促进大学生体质健康进行了探索。 |
| ● |
| 相关链接 |
|
|
|
|
正题名:高校体育教学与训练研究
索取号:G807.401/2025
 
预约/预借
| 序号 | 登录号 | 条形码 | 馆藏地/架位号 | 状态 | 备注 |
| 1 | 1366038 | 213660386 | 第一样本阅览室/ [索取号:G807.401/2025] | 在馆 | |
| 2 | 1366039 | 213660395 | 教育系资料室/ [索取号:G807.401/2025] | 在馆 | |
| 3 | 1366040 | 213660402 | 教育系资料室/ [索取号:G807.401/2025] | 在馆 | |
| 4 | 1366041 | 213660411 | 第四借阅区/ [索取号:G807.401/2025] | 在馆 | |
| 5 | 1366042 | 213660420 | 第四借阅区/ [索取号:G807.401/2025] | 在馆 |